Focus (Record no. 82968)
[ view plain ]
| 000 -LEADER | |
|---|---|
| fixed length control field | 00945cab a22002175a 4500 |
| 001 - CONTROL NUMBER | |
| control field | L152451 |
| 008 - FIXED-LENGTH DATA ELEMENTS--GENERAL INFORMATION | |
| fixed length control field | 110309e20110219xxk 000 0 eng d |
| 035 ## - SYSTEM CONTROL NUMBER | |
| System control number | (Sirsi) u152451 |
| 041 0# - LANGUAGE CODE | |
| Language code of text/sound track or separate title | eng |
| 100 1# - MAIN ENTRY--PERSONAL NAME | |
| Personal name | Clarkson, Melanie |
| 245 00 - TITLE STATEMENT | |
| Title | Focus |
| Remainder of title | Sussex |
| 260 ## - PUBLICATION, DISTRIBUTION, ETC. | |
| Date of publication, distribution, etc. | 2011 |
| 490 ## - SERIES STATEMENT | |
| Series statement | Estates Gazette |
| Volume/sequential designation | (1107) 19 February 2011, 79-87(7) |
| 520 ## - SUMMARY, ETC. | |
| Summary, etc. | Reports on a welcome new mixed use development in Worthing but which has potential problems with its funding. Also discusses business strategies with the directors of two Sussex property consultancies and the finance problems faced by many seaside towns including Hastings. With further details about office take ups where areas such as Brighton are improving while other areas remain a problem. |
| 590 ## - LOCAL NOTE (RLIN) | |
| Local note | KA |
| 651 #4 - SUBJECT ADDED ENTRY--GEOGRAPHIC NAME | |
| Geographic name | Sussex |
| Chronological subdivision | 1888- |
| 690 ## - LOCAL SUBJECT ADDED ENTRY--TOPICAL TERM (OCLC, RLIN) | |
| Topical term or geographic name as entry element | PROPERTY-COMMERCIAL PROPERTY-COMMERCIAL PROPERTY MARKET |
| 700 1# - ADDED ENTRY--PERSONAL NAME | |
| Personal name | Quinn, David |
| 700 1# - ADDED ENTRY--PERSONAL NAME | |
| Personal name | Meadwell, Stacey |
| 942 ## - ADDED ENTRY ELEMENTS (KOHA) | |
| Suppress in OPAC | 0 |
| Withdrawn status | Lost status | Source of classification or shelving scheme | Damaged status | Not for loan | Home library | Current library | Shelving location | Date acquired | Total Checkouts | Full call number | Barcode | Date last seen | Copy number | Price effective from | Koha item type |
|---|---|---|---|---|---|---|---|---|---|---|---|---|---|---|---|
| Dewey Decimal Classification | London | London | Journal article | 09/03/2011 | L152451 | 152451-1001 | 06/08/2019 | 1 | 06/08/2019 | Journal article |